| 000 | 02023nam a2200373 a 4500 | ||
|---|---|---|---|
| 999 |
_c146316 _d146316 |
||
| 003 | BLK | ||
| 005 | 20240207005339.0 | ||
| 008 | 180410b bul|||||r ||||||| ||bul|| | ||
| 010 | _aKNG00152503000 | ||
| 040 | _aBLK | ||
| 041 |
_aBUL _cBUL |
||
| 080 |
_aРуска литература _b821.161.1 _x-93-32 _z821.161.1-93-32 |
||
| 100 | 1 |
_aКороленко, Владимир Галактионович _9261783 |
|
| 139 |
_aКороленко, Владимир Галактионович _bК 85 |
||
| 245 | 1 | 0 |
_aСлепият музикант _bПовест и разкази _cВладимир Галактионович Короленко; прев. от рус. Асен Григоров; прев. от рус. Емилия Масларова; худож. Станимир Стоилов; състав. Майя Методиева-Драгнева; с послесл. от Георги Димитров Германов. |
| 257 | _aRUS | ||
| 260 |
_bОтечество _c1990 _aСофия |
||
| 300 |
_a191 с. _bс ил., портр. _c21 см |
||
| 380 | _aDX | ||
| 490 |
_aИзбрани книги за деца и юноши _9202174 |
||
| 500 | _aПрев. е направен от Собрание сочинений в 10 т. / В. Г. Короленко | ||
| 700 | 1 |
_aГригоров, Асен _eпрев. от рус. _9380077 |
|
| 700 | 1 |
_aСтоилов, Станимир _eхудож. _9320267 |
|
| 700 | 1 |
_aМетодиева-Драгнева, Майя _eсъстав. _9380078 |
|
| 700 | 1 |
_aГерманов, Георги Димитров _eс послесл. от _9364546 |
|
| 700 |
_aМасларова, Емилия Любенова _d1956- _9363911 |
||
| 852 | _aЦб 262828 | ||
| 856 | 4 |
_qpdf _i1.11 _ldisable |
|
| 856 | 4 |
_qpdf _i1.11 _ldisable |
|
| 942 |
_cKNG _n0 _s1 |
||
| 944 |
_aCR _c23.10.2013 _lCRON CRON _k |
||
| 944 |
_aED _c21.09.2017 _l23.10.2013 - от С1,Р / 23.10.2013 _kКети_Илиева |
||
| 999 | _d146316 | ||